MARC details
| 000 -LEADER |
| campo de control de longitud fija |
01327nkc a2200265za 4500 |
| 001 - NÚMERO DE CONTROL |
| campo de control |
84434 |
| 003 - IDENTIFICADOR DE NÚMERO DE CONTROL |
| campo de control |
OSt |
| 005 - FECHA Y HORA DE LA ÚLTIMA TRANSACCIÓN |
| campo de control |
20260420150908.0 |
| 007 - CAMPO FIJO DE DESCRIPCIÓN FÍSICA--INFORMACIÓN GENERAL |
| campo de control de longitud fija |
kh boc |
| 008 - DATOS DE LONGITUD FIJA--INFORMACIÓN GENERAL |
| campo de control de longitud fija |
250409s18801960sp ||||| |||| 00| i|spa d |
| 040 ## - FUENTE DE CATALOGACIÓN |
| Centro/agencia transcriptor |
M-RABA |
| Centro catalogador/agencia de origen |
M-RABA |
| Lengua de catalogación |
spa |
| 245 0# - MENCIÓN DEL TÍTULO |
| Título |
[Trascoro de la Catedral de Ávila] |
| Medio |
[Material gráfico] |
| 260 ## - PUBLICACIÓN, DISTRIBUCIÓN, ETC. |
| Fecha de publicación, distribución, etc. |
[ca. 1880 - 1960] |
| 300 ## - DESCRIPCIÓN FÍSICA |
| Extensión |
2 fotografías |
| Otras características físicas |
: gelatina de plata |
| Dimensiones |
; imagen 24,7 x 18 cm |
| -- |
; soporte secundario 26,2 x 20 cm |
| 500 ## - NOTA GENERAL |
| Nota general |
Conjunto de dos fotografías que muestran parte del trascoro renacentista de la Catedral de Ávila, realizado por los escultores Juan Rodríguez y Lucas Giraldo. |
| 500 ## - NOTA GENERAL |
| Nota general |
Al verso, ms. a lápiz: “Trascoro de la Catedral de Ávila. Cliché del Dr. Hernández Brior” |
| 500 ## - NOTA GENERAL |
| Nota general |
Fechas tomadas del uso dominante de la técnica. |
| 610 27 - PUNTO DE ACCESO ADICIONAL DE MATERIA--NOMBRE DE ENTIDAD CORPORATIVA |
| Nombre de entidad corporativa o nombre de jurisdicción como elemento de entrada |
Catedral de Ávila (España) |
| 9 (RLIN) |
37668 |
| 651 #7 - PUNTO DE ACCESO ADICIONAL DE MATERIA--NOMBRE GEOGRÁFICO |
| Nombre geográfico |
Avila |
| 9 (RLIN) |
74747 |
| 655 #0 - TERMINO DE INDIZACIÓN--GENERO/FORMA |
| Datos o término principal de género/forma |
Fotografías de monumentos |
| 9 (RLIN) |
111580 |
| 852 ## - LOCALIZACIÓN |
| Número de control de estantería |
Fot-574 ; Fot-575 |
| 856 ## - LOCALIZACIÓN Y ACCESO ELECTRÓNICOS |
| Materiales especificados |
Fot-574 |
| Identificador Uniforme de Recurso |
<a href="https://archivoybiblioteca.realacademiabellasartessanfernando.com/cgi-bin/koha/opac-retrieve-file.pl?id=799cb32b1b4cdf827eb6433e1ad4b326">https://archivoybiblioteca.realacademiabellasartessanfernando.com/cgi-bin/koha/opac-retrieve-file.pl?id=799cb32b1b4cdf827eb6433e1ad4b326</a> |
| 856 ## - LOCALIZACIÓN Y ACCESO ELECTRÓNICOS |
| Materiales especificados |
Fot-575 |
| Identificador Uniforme de Recurso |
<a href="https://archivoybiblioteca.realacademiabellasartessanfernando.com/cgi-bin/koha/opac-retrieve-file.pl?id=052e0804dfbb1b81d1cb74b1004dcb4d">https://archivoybiblioteca.realacademiabellasartessanfernando.com/cgi-bin/koha/opac-retrieve-file.pl?id=052e0804dfbb1b81d1cb74b1004dcb4d</a> |
| 942 ## - ELEMENTOS DE ENTRADA SECUNDARIOS (KOHA) |
| Fuente de la clasificación o esquema de estantería |
Clasificación Decimal Dewey |
| Tipo de ítem Koha |
Fotografías |
| Suprimir en OPAC |
No |